Geometría: Curso Superior

Guardat en:
Dades bibliogràfiques
Format: Llibre
Idioma:espanyol
Publicat: Madrid Bruño 1965
Edició:8a. ed
Matèries:
Etiquetes: Afegir etiqueta
Sense etiquetes, Sigues el primer a etiquetar aquest registre!

MARC

LEADER 00000nam a2200000 a 4500
001 UCV8078
003 CL-VaPUC
008 900528e19650000SP |||||||||||||||||spa|d
082 0 4 |a 516  |b GEO  |2 21 
245 1 0 |a Geometría: Curso Superior 
250 |a 8a. ed 
300 |a 507 p 
942 |c BK 
945 |d 19900528 00:00:00 
260 |a Madrid  |b Bruño  |c 1965 
650 0 |a Geometría   |9 264063 
583 |a last modification  |c 20180314 14:49:25  |k Rodrigo Vera 
999 |c 213659  |d 213657